[Event "Moscow op-A 16th"]
[Site "Moscow"]
[Date "2020.02.01"]
[Round "8"]
[White "Rudakov, Sergey S"]
[Black "Ghazaryan, Raffi"]
[Result "1-0"]
[WhiteElo "1881"]
[BlackElo "2068"]
[PlyCount "83"]
[EventDate "2020.01.25"]
[EventType "swiss"]
[EventRounds "9"]
[EventCountry "RUS"]
[SourceTitle "CBM 194 Extra"]
[Source "ChessBase"]
[SourceDate "2020.03.31"]
[SourceVersion "1"]
[SourceVersionDate "2020.03.31"]
[SourceQuality "1"]

1. e4 c5 2. Nf3 e6 3. c4 Nc6 4. Nc3 Nf6 5. d4 cxd4 6. Nxd4 Bb4 7. Nxc6 bxc6 8. Bd3 e5 9. 0-0 0-0 10. Bg5 h6 11. Bd2 Bc5 12. Qf3 d6 13. h3 Be6 14. Rab1 a5 15. a3 Bd4 16. Ne2 Bb6 17. Bc3 Bc7 18. b4 d5 19. cxd5 cxd5 20. Ng3 d4 21. Bd2 axb4 22. axb4 Qe7 23. b5 Bd6 24. Nf5 Bxf5 25. Qxf5 Nd7 26. Qg4 Kh8 27. Rb2 Ra3 28. Qe2 Nb6 29. Rc1 Rfa8 30. Rc6 Na4 31. Rbc2 Nc5 32. Bb4 Rxd3 33. Bxc5 Ra1+ 34. Kh2 Rdd1 35. Qg4 Rh1+ 36. Kg3 Bxc5 37. R2xc5 Ra3+ 38. f3 Qg5 39. Qxg5 hxg5 40. Rxe5 d3 41. Rxg5 f6 42. Rd5 1-0

[Event "Moscow op-A 16th"]
[Site "Moscow"]
[Date "2020.01.29"]
[Round "5"]
[White "Rudakov, Sergey S"]
[Black "Vysotskiy, Oleg"]
[Result "1-0"]
[WhiteElo "1881"]
[BlackElo "2091"]
[PlyCount "65"]
[EventDate "2020.01.25"]
[EventType "swiss"]
[EventRounds "9"]
[EventCountry "RUS"]
[SourceTitle "CBM 194 Extra"]
[Source "ChessBase"]
[SourceDate "2020.03.31"]
[SourceVersion "1"]
[SourceVersionDate "2020.03.31"]
[SourceQuality "1"]

1. e4 d6 2. d4 g6 3. c4 Bg7 4. Nc3 Nd7 5. Be3 c6 6. h4 e5 7. h5 f5 8. exf5 gxf5 9. h6 Bf6 10. Qh5+ Ke7 11. Qxf5 Nc5 12. Qxf6+ Nxf6 13. dxc5 d5 14. cxd5 cxd5 15. Bg5 Be6 16. f4 exf4 17. Bxf4 Qa5 18. Bd6+ Kf7 19. Nf3 Ne4 20. Ne5+ Kf6 21. Nd3 Nxd6 22. cxd6 Rhd8 23. Be2 Rxd6 24. 0-0+ Ke7 25. Rae1 Rf8 26. Bf3 Kd8 27. b4 Qb6+ 28. Nc5 Bg8 29. a3 Rff6 30. Re5 Bf7 31. g4 Rfe6 32. Rxd5 Rg6 33. Rf5 1-0

[Event "Voronezh op-B 23rd"]
[Site "Voronezh"]
[Date "2019.06.14"]
[Round "3"]
[White "Natarov, Ilya"]
[Black "Rudakov, Sergey S"]
[Result "1-0"]
[WhiteElo "2045"]
[BlackElo "1880"]
[PlyCount "114"]
[EventDate "2019.06.12"]
[EventType "swiss"]
[EventRounds "9"]
[EventCountry "RUS"]
[SourceTitle "CBM 191 Extra"]
[Source "ChessBase"]
[SourceDate "2019.09.30"]
[SourceVersion "1"]
[SourceVersionDate "2019.09.30"]
[SourceQuality "1"]

1. d4 Nf6 2. c4 e6 3. g3 d5 4. Nf3 b6 5. cxd5 Nxd5 6. Bg2 Bb7 7. 0-0 Be7 8. Re1 0-0 9. e4 Nf6 10. Nc3 Bb4 11. Qc2 Nc6 12. a3 Be7 13. Rd1 Nd7 14. Bf4 g5 15. Be3 g4 16. Nd2 Bg5 17. Nc4 Bxe3 18. Nxe3 Qg5 19. e5 f5 20. exf6 Nxf6 21. Ne4 Qg6 22. Nxf6+ Qxf6 23. Nxg4 Qg7 24. Ne3 Nxd4 25. Rxd4 Qxd4 26. Bxb7 Rad8 27. Rd1 Qe5 28. Rxd8 Rxd8 29. Be4 h6 30. Bf3 Rf8 31. Qg6+ Qg7 32. Qxe6+ Qf7 33. Qxf7+ Kxf7 34. Kf1 c5 35. Ke2 b5 36. Bd5+ Ke7 37. f4 b4 38. axb4 cxb4 39. Kd3 a5 40. Ng4 a4 41. Kc4 Kd6 42. Bf3 Rb8 43. Nxh6 b3 44. Nf5+ Kd7 45. Be4 Rc8+ 46. Kb4 Rc2 47. Kxa4 Rxb2 48. Bd5 Rxh2 49. Kxb3 Rd2 50. Bc4 Kc6 51. Kc3 Rf2 52. Kd4 Rd2+ 53. Ke5 Kc5 54. Be6 Re2+ 55. Kf6 Rf2 56. Kg5 Re2 57. Bf7 Re6 1-0